000 00400nam a22001457a 4500
999 _c17448
_d17448
008 190218b xxu||||| |||| 00| 0 eng d
020 _a9966724982
050 _aRC440
_b.N34 2014 c.1
100 _aNdetei, David Musyimi
245 _aYour A-Z on Mental Health
_cDavid Musyimi Ndetei
250 _a2nd ed.
260 _aNairobi
_bAcrodile Publishing Ltd
_c2014
300 _a563p.
942 _2lcc
_cBK